তড়িৎ চুম্বকতত্ত্ব ও আধুনিক পদার্থবিজ্ঞান / (Record no. 47381)
[ view plain ]
| 000 -LEADER | |
|---|---|
| fixed length control field | 01193nam a2200253 a 4500 |
| 001 - CONTROL NUMBER | |
| control field | 47381 |
| 003 - CONTROL NUMBER IDENTIFIER | |
| rucl marc code | BD-RjUL |
| 005 - DATE AND TIME OF LATEST TRANSACTION | |
| control field | 20211209054314.0 |
| 008 - FIXED-LENGTH DATA ELEMENTS--GENERAL INFORMATION | |
| fixed length control field | 160808s1988 bg 000 0 ben c |
| 035 ## - SYSTEM CONTROL NUMBER | |
| System control number | (BD-RjUL)47500 |
| 040 ## - CATALOGING SOURCE | |
| Original cataloging agency | BD-RjUL |
| Transcribing agency | BD-RjUL |
| Modifying agency | BD-RjUL |
| Language of cataloging | ben |
| 041 ## - LANGUAGE CODE | |
| Language code of text/sound track or separate title | eng |
| 082 04 - DEWEY DECIMAL CLASSIFICATION NUMBER | |
| Classification number | 537 |
| Author mark and year | IST 1988 |
| Edition number | 23 |
| 100 ## - MAIN ENTRY--PERSONAL NAME | |
| Personal name | ইসলাম, এ. কে. এম আজহারুল |
| 9 (RLIN) | 116971 |
| 245 10 - TITLE STATEMENT | |
| Title | তড়িৎ চুম্বকতত্ত্ব ও আধুনিক পদার্থবিজ্ঞান / |
| Statement of responsibility, etc. | এ. কে. এম আজহারুল ইসলাম, মুহাম্মদ নজরুল ইসলাম, মুহাম্মদ শফিকুল ইসলাম |
| 250 ## - EDITION STATEMENT | |
| Edition statement | ২য় সং. |
| 260 ## - PUBLICATION, DISTRIBUTION, ETC. (IMPRINT) | |
| Place of publication, distribution, etc. | রাজশাহী : |
| Name of publisher, distributor, etc. | বাংলা একাডেমী, |
| Date of publication, distribution, etc. | ১৯৮৮ |
| 300 ## - PHYSICAL DESCRIPTION | |
| Pagination | [আট], ৪৩১ পৃ. : |
| Illustrations | চিত্র ; |
| Size | ২১ সেমি. |
| 650 ## - SUBJECT ADDED ENTRY--TOPICAL TERM | |
| Topical term or geographic name as entry element | Electricity. |
| 9 (RLIN) | 117029 |
| Topical term or geographic name as entry element | বিদ্যুৎ |
| 9 (RLIN) | 167799 |
| 700 ## - ADDED ENTRY--PERSONAL NAME | |
| Personal name | ইসলাম, মুহাম্মদ নজরুল |
| Personal name | ইসলাম, মুহাম্মদ শফিকুল |
| 942 ## - ADDED ENTRY ELEMENTS (KOHA) | |
| Source of classification or shelving scheme | Dewey Decimal Classification |
| Koha item type | Books |
| Lost status | Source of classification or shelving scheme | Damaged status | Not for loan | Collection code | Permanent Location | Current Location | Shelving location | Date acquired | Source of acquisition | Cost, normal purchase price | Total Checkouts | Full call number | Date last seen | Copy number | Koha item type |
|---|---|---|---|---|---|---|---|---|---|---|---|---|---|---|---|
| Dewey Decimal Classification | Non-fiction | Central Library, University of Rajshahi | Central Library, University of Rajshahi | 28/12/1989 | Imprial books, Rajshahi | 80.00 | B 537 IST 1988 | 08/08/2016 | C-2 | Books | |||||
| Dewey Decimal Classification | Non-fiction | Central Library, University of Rajshahi | Central Library, University of Rajshahi | 28/12/1989 | Impirial books,Rajshahi | 80.00 | B 537 IST 1988 | 28/11/2016 | C-3 | Books | |||||
| Dewey Decimal Classification | Non-fiction | Central Library, University of Rajshahi | Central Library, University of Rajshahi | 28/12/1989 | Impirial books,Rajshahi | 80.00 | B 537 IST 1988 | 28/11/2016 | C-4 | Books |